| 000 | 00360 a2200145 4500 | ||
|---|---|---|---|
| 001 | 12983 | ||
| 020 | _a9788573002904 | ||
| 040 | _cAnchieta - Aquarius | ||
| 240 | 1 | 0 |
_aLei dos crimes ambientais para crianças _lpor |
| 245 | 1 | 0 | _aLei dos crimes ambientais para crianças |
| 300 | _a24 | ||
| 362 | 0 | _a2012 | |
| 650 | 4 | _aLiteratura infanto-juvenil | |
| 942 | _cBK | ||
| 999 |
_c12983 _d12983 |
||